000 00507pab a2200181 454500
008 180718b2006 xxu||||| |||| 00| 0 eng d
100 _aVogel, Ann
245 _aWho's making global civil society: philanthropy and US empire in world society
260 _c2006
300 _ap.635-55.
362 _aDec
650 _aGlobalization - United States
650 _aCivil society - United States
650 _aCivil society
773 _aThe British Journal of Sociology
908 _aN
909 _a72359
999 _c72359
_d72359